000 00516cam a22002291 4500
001 sa 68009101
003 DLC
005 20260227112540.0
008 940831s1967 ii 000 0 orio
010 _asa 68009101
025 _aPL480:I-O-927
035 _a(OCoLC)31039398
040 _aDLC
_cCU
_dCU
_dDLC
042 _apremarc
050 0 0 _aPK2576
_b.M8
245 0 0 _aMuktadaśaka.
260 _c[1967]
300 _a40 p.
_c22 cm.
500 _aIn Oriya.
500 _aPoems.
650 0 _aOriya poetry.
999 _c82715
_d82715